000 00698nam a22002177a 4500
003 UA-OsUOA
001 110048
007 ta
008 20150217b un ||||| |||| 00| 0 ukr d
100 _aВасилишин Ю.
090 _a330(477)
_bВ19
942 _cSA
040 _aUA-OsUOA
_bukr
_cUA-OsUOA
_dUA-OsUOA
245 _aТеоретичні аспекти механізму синдикованого кредитування на рівні регіональних банків
300 _aС.38-47
955 _a0
041 _aukr
080 _a330(477)
773 0 _w110045
_tБанківська справа
_dК.
_d2014
_g10
650 7 _a330 Економіка взагалі
_2UDC
999 _c396065
_d396065